An inclusive environment : an A-Z guide to legislation, policies and products (Record no. 368454)

MARC details
000 -LEADER
fixed length control field 00754nam a2200241Ia 4500
008 - FIXED-LENGTH DATA ELEMENTS--GENERAL INFORMATION
fixed length control field 191130s2008##################000#0#eng##
020 ## - INTERNATIONAL STANDARD BOOK NUMBER
ISBN 9780750684569
082 ## - DEWEY DECIMAL CLASSIFICATION NUMBER
Classification number 720 VAN
100 ## - MAIN ENTRY--AUTHOR NAME
Personal name Vandenberg, Maritz
245 ## - TITLE STATEMENT
Title An inclusive environment : an A-Z guide to legislation, policies and products
Statement of responsibility, etc Maritz Vandenberg
250 ## - EDITION STATEMENT
Edition statement 1st ed
260 ## - PUBLICATION, DISTRIBUTION, ETC. (IMPRINT)
Place of publication Amsterdam
Name of publisher Butterworth-Heinemann
Year of publication 2008
300 ## - PHYSICAL DESCRIPTION
Number of Pages viii, 655 p. : ill. ; 30 cm
500 ## - GENERAL NOTE
General note Includes bibliography
650 ## - SUBJECT ADDED ENTRY--TOPICAL TERM
Topical Term Architectural design
Topical Term Barrier-free design
Topical Term Barrier-free design -- Law and legislation
Topical Term Building laws
991 ## -
-- 303350
Holdings
Withdrawn status Lost status Damaged status Not for loan Home library Current library Shelving location Date acquired Full call number Accession Number Price effective from Koha item type
        Anna Centenary Library Anna Centenary Library 6TH FLOOR, B WING 17.10.2020 720 VAN 340190 17.10.2020 English Books

Find us on the map